000 00907pab a2200157 454500
008 180718b2002 xxu||||| |||| 00| 0 eng d
100 _aBreman, Jan
245 _aCommunal upheaval as resurgence of social Darwinism
260 _c2002
300 _ap.1485-488.
362 _a20 Apr
520 _aThere can be no two opinions about the well-entrenched nature of the Hindutva movement and its predecessors in Gujarat, strongly opposed to communal harmony and to the design of society as a melting pot of diverse and open-ended social segments. However, this explanation of the recent tragic events in the state has to be contextualised within the changing political economic of Gujarat. The comments that follow relate to Ahmedabad, the primary location of many of the horrors that have been reported. - Reproduced.
650 _aCommunalism
773 _aEconomic and Political Weekly
909 _a52078
999 _c52078
_d52078